000 00528nam a22001817a 4500
005 20140826143322.0
010 _aENG-110607
020 _a9788184302264
_c300.00
035 _aEN-94139
037 _bDBAD/PUB
082 _a368.38200954
100 _aPatukale, Kshitij
245 _aMediclaim and health insurance /
_cby Kshitij Patukale
260 _aNew Delhi
_bOcean Books
_c2013
270 _a4/19 Asaf Ali Road
_bNew Delhi
_e110002
300 _a222p.
_c22cm(Hb)
942 _2ddc
_cEN
_mPAT
_h368.38200954
999 _c87624
_d87624